000
00198 a2200097 4500
020
_a
9789583364693
041
_a
spa
100
_a
Jos AĚŚcosta
245
_a
Cuentistas hispanoamericanos
942
_c
BK
999
_c
28989
_d
28987